| 000 | 00667cam a22001812 4500 | ||
|---|---|---|---|
| 001 | 000006947 | ||
| 005 | 20200929154029.0 | ||
| 008 | 901102s1939 ag 000 0 spa | ||
| 040 |
_aDO-SdBNP _cspa _dBNPHU |
||
| 100 | 1 |
_aNietzsche, Friedrich Wilhelm, _d1844-1900. _919283 |
|
| 245 | 1 | 3 |
_aEl pensamiento vivo de Nietzsche / _cHeinrich Mann ;Traduccion por Vicente Mendivil. |
| 260 |
_aBuenos Aires : _bEditorial Losada, _c1939. |
||
| 300 |
_a252 p. ; _c19 cm. |
||
| 490 | 1 |
_aBiblioteca del pensamiento vivo _v5 |
|
| 500 | _aIncluye datos biográficos del autor en la solapa | ||
| 700 | 1 |
_aMann, Heinrich _etr. _919284 |
|
| 830 | 0 |
_aBiblioteca del pensamiento vivo _n5 _919285 |
|
| 999 |
_c6731 _d6731 |
||